Environmental education in botanic gardens : (Registro nro. 137)

Detalles MARC
000 -CABECERA
Campo de control 00840nam a2200217 a 4500
005 - FECHA Y HORA DE LA ULTIMA TRANSACCION
Campo de control 20200104041506.0
008 - ELEMENTOS DE LONGITUD FIJA—INFORMACION GENERAL
Campo de control 140114t1994 enkao fr|||| 000 0 eng d
040 ## - FUENTE DE CATALOGACIÓN
Agencia catalogadora original CO-BoIAVH
Agencia transcriptora CO-BoIAVH
041 0# - IDIOMA
Código de idioma para texto/pista de sonido o título separado Inglés
044 ## - PAÍS DE PUBLICACIÓN
País de publicación Inglaterra
082 04 - NUMERO DE CLASIFICACION DECIMAL DEWEY
Número de clasificación 580.73
Número del ítem B74e
110 2# - ASIENTO PRINCIPAL--NOMBRE CORPORATIVO
9 (RLIN) 3606
Nombre corporativo o de jurisdicción como elemento de entrada Botanic Gardens Conservation International
Unidad subordinad Botanic Gardens Conservation International
245 10 - MENCION DE TITULO
Título Environmental education in botanic gardens :
Parte restante del título guidelines for developing individual strategies
260 ## - PUBLICACION, DISTRIBUCION, ETC. (PIE DE IMPRENTA)
Lugar de publicación, distribución, etc. Londres :
Nombre del editor, distribuidor, etc. Botanic Gardens Conservation International ,
Fecha de publicación, distribución, etc. c1994.
300 ## - DESCRIPCION FISICA
Extensión 32 paginas :
Otros detalles físicos Ilustraciones, fotografías ;
Dimensiones 30 x 22 cm.
504 ## - NOTA DE BIBLIOGRAFIA, ETC.
Nota de bibliografía Incluye referencias bibliográficas: página 32.
650 16 - ASIENTO SECUNDARIO DE MATERIA - TERMINO TEMATICO
Término temático o nombre geográfico como elemento de entrada Jardines botánicos
9 (RLIN) 62487
650 26 - ASIENTO SECUNDARIO DE MATERIA - TERMINO TEMATICO
Término temático o nombre geográfico como elemento de entrada Educación ambiental
9 (RLIN) 162
650 26 - ASIENTO SECUNDARIO DE MATERIA - TERMINO TEMATICO
Término temático o nombre geográfico como elemento de entrada Participación comunitaria
9 (RLIN) 62489
942 ## - ELEMENTOS ADICIONALES (KOHA)
Tipo de ítem Libro
Sistema de clasificación Dewey Decimal Classification
Existencias
Withdrawn status Lost status Sistema de Clasificación Damaged status No para préstamo Colección Inventariado Ubicación Permanente Ubicación actual Fecha de adquisición Fuente de Valor Valor Total Checkouts Número topográfico Inventario / Código de Barras Date last seen Ejemplar Price effective from Forma de adquisición Tipo de material Date checked out
    Dewey Decimal Classification     General Inventariado 2017 Bogotá Bogotá 23/12/1997 Instituto 39000.00   LB-580.73 B74e 000171 04/12/2012 Ej. 1 04/12/2012   Libro  
    Dewey Decimal Classification     General Inventariado 2017 Bogotá Bogotá 05/03/2004 Instituto 39000.00 1 LB-580.73 B74e 015478 29/04/2020 Ej. 2 04/12/2012   Libro 18/02/2020